[Event "Krakow op 4th"]
[Site "Krakow"]
[Date "2008.05.10"]
[Round "2.2"]
[White "Zajac, Mateusz"]
[Black "Platek, Michal"]
[Result "0-1"]
[WhiteElo "1826"]
[BlackElo "1947"]
[PlyCount "62"]
[EventDate "2008.05.10"]
[EventType "tourn"]
[EventRounds "7"]
[EventCountry "POL"]
[SourceTitle "EXT 2023"]
[Source "ChessBase"]
[SourceDate "2022.10.05"]
[SourceVersion "1"]
[SourceVersionDate "2022.10.05"]
[SourceQuality "1"]

1. e4 e6 2. d4 d5 3. exd5 exd5 4. Bd3 Bd6 5. Ne2 Ne7 6. Bf4 Nbc6 7. c3 Bg4 8. Bxd6 Qxd6 9. h3 Bh5 10. Qc2 0-0-0 11. 0-0 g5 12. Ng3 Bg6 13. Nd2 h5 14. b4 g4 15. h4 Qf6 16. b5 Na5 17. Bxg6 fxg6 18. Nb3 Nc4 19. a4 Qxh4 20. a5 Qg5 21. Nc5 Rd6 22. b6 cxb6 23. axb6 a6 24. Rfb1 h4 25. Rxa6 bxa6 26. Qa4 hxg3 27. Qxa6+ Kd8 28. Qa8+ Nc8 29. b7 gxf2+ 30. Kf1 Rh1+ 31. Ke2 Qe3# 0-1

[Event "Krakow op-D"]
[Site "Krakow"]
[Date "2003.12.28"]
[Round "3"]
[White "Wisniewski, Bartosz"]
[Black "Zajac, Mateusz"]
[Result "1-0"]
[WhiteElo "1600"]
[BlackElo "1800"]
[PlyCount "151"]
[EventDate "2003.12.27"]
[EventType "swiss"]
[EventRounds "9"]
[EventCountry "POL"]
[SourceTitle "EXT 2006"]
[Source "ChessBase"]
[SourceDate "2005.11.24"]
[SourceVersion "1"]
[SourceVersionDate "2005.11.24"]
[SourceQuality "1"]

1. e4 e5 2. Nf3 Nc6 3. Bb5 a6 4. Bxc6 dxc6 5. Nc3 Bd6 6. d3 Bg4 7. 0-0 Qf6 8. Bg5 Qxg5 9. Nxg5 Bxd1 10. Raxd1 h6 11. Nf3 0-0-0 12. Rfe1 f6 13. Rd2 g5 14. Red1 h5 15. h4 gxh4 16. Nxh4 Ne7 17. Ne2 Rdg8 18. g3 Rg4 19. Kg2 Rhg8 20. Rh1 R4g5 21. Rh3 Ng6 22. Nf3 Rg4 23. Rxh5 Nf4+ 24. Nxf4 exf4 25. Nh2 R4g6 26. Nf1 fxg3 27. f3 Bf4 28. Re2 Bc1 29. b3 Rh6 30. Rh3 Bf4 31. Rxh6 Bxh6 32. Ne3 Bf4 33. Nf5 Kd7 34. Re1 Rh8 35. Rh1 Rh2+ 36. Rxh2 gxh2 37. Nd4 Kd6 38. Ne2 Bd2 39. Kxh2 c5 40. a4 f5 41. exf5 Ke5 42. Kg3 Kxf5 43. Kh3 c6 44. Kg2 b5 45. Kf2 Ke5 46. c4 Kf5 47. Ng3+ Kf4 48. Nh5+ Kg5 49. Ng3 Kf4 50. Ne4 Be3+ 51. Ke2 Bd4 52. Nd6 bxa4 53. bxa4 Be5 54. Nf7 Bc7 55. Nh6 Be5 56. Nf7 Bc7 57. Nh6 Ba5 58. Ng4 Bc3 59. Nf2 Bd4 60. Ne4 Be3 61. Nf6 Bd4 62. Nd7 a5 63. Nb8 Bc3 64. Nxc6 Bb4 65. Ne7 Ba3 66. Nd5+ Ke5 67. Ne7 Kf4 68. Nd5+ Ke5 69. Nc3 Kf4 70. Nb5 Bb4 71. d4 cxd4 72. Nxd4 Bc3 73. Nb5 Bb4 74. Kd3 Be1 75. c5 Bh4 76. c6 1-0